LEADER 01565oam 2200493zu 450 001 9910462999203321 005 20210721054208.0 010 $a0-203-09516-2 010 $a1-299-13697-4 010 $a1-136-21183-7 035 $a(CKB)2670000000331391 035 $a(SSID)ssj0000832893 035 $a(PQKBManifestationID)12305531 035 $a(PQKBTitleCode)TC0000832893 035 $a(PQKBWorkID)10918981 035 $a(PQKB)11381150 035 $a(MiAaPQ)EBC1125239 035 $a(EXLCZ)992670000000331391 100 $a20160829d2013 uy 0 101 0 $aeng 135 $aur|n||||||||| 181 $ctxt$2rdacontent 182 $cc$2rdamedia 183 $acr$2rdacarrier 200 00$aCivil War America $ea social and cultural history /$fedited by Maggi M. Morehouse and Zoe Trodd 210 31$aNew York :$cRoutledge,$d2013 215 $a1 online resource (xxvi, 326 pages) 300 $aBibliographic Level Mode of Issuance: Monograph 311 $a0-415-89596-0 606 $aRegions & Countries - Americas$2HILCC 606 $aHistory & Archaeology$2HILCC 606 $aUnited States - General$2HILCC 607 $aUnited States$xHistory$yCivil War, 1861-1865$xSocial aspects 615 7$aRegions & Countries - Americas 615 7$aHistory & Archaeology 615 7$aUnited States - General 676 $a973.7/1 702 $aTrodd$b Zoe 702 $aMorehouse$b Maggi M.$f1953- 801 0$bPQKB 906 $aBOOK 912 $a9910462999203321 996 $aCivil War America$92194416 997 $aUNINA